Kursus Pengenalan Kepada Sistem Maklumat Geografi : GIS (2 - 4 Disember 1996)

Bibliographic Details
Format: Book
Subjects:
Online Access:http://app.inspen.gov.my:7779/pls/portal/docs/PAGE/CORPORATEPAGES/PORTAL_INSPEN/NOTA_KURSUS/VO/AAT.PDF

MARC

LEADER 00000cam a2200000 7i4500
001 0000005961
005 20071206.0
040 |a INS 
090 0 0 |a VO23 
245 0 0 |a Kursus Pengenalan Kepada Sistem Maklumat Geografi :   |b GIS (2 - 4 Disember 1996) 
500 |a Digital document is available on-line; Please click the URL below 
650 0 0 |a Pegawai Penilaian 
856 |u http://app.inspen.gov.my:7779/pls/portal/docs/PAGE/CORPORATEPAGES/PORTAL_INSPEN/NOTA_KURSUS/VO/AAT.PDF 
999 |a VO00000027   |b BOOK   |c Course Notes   |e Default branch 
999 |a VO00000386   |b BOOK   |c Course Notes   |e Default branch 
999 |a VO00000691   |b BOOK   |c Course Notes   |e Default branch